Κρίση(σεις) και κόσμοι της εργασίας

Saved in:
Bibliographic Details
Other Authors: Πετράκη, Γεωργία (edtf)
Format: Book
Language:Greek
Published: Αθήνα : Πεδίο, c2023.
Series:Επιστημονικές εκδόσεις (Πεδίο (Εταιρεία))
Subjects:
Tags: Add Tag
No Tags, Be the first to tag this record!

MARC

LEADER 00000nam a2200000 a 4500
001 1/126555
008 230511s2023####gr d ||| |||| ||gre||
020 |a 9789606355400  
040 |a GR-MyUa  |b gre  |c GR-MyUa  |e AACR2 
041 0 |a gre 
082 7 |a 331   |2 (23) 
245 0 0 |a Κρίση(σεις) και κόσμοι της εργασίας /   |c επιστημονική επιμέλεια Γεωργία Πετράκη ; μετάφραση Γεωργία Πετράκη, Φωτεινή Πανουσοπούλου.  
260 |a Αθήνα :   |b Πεδίο,   |c c2023.  
300 |a 358 σ. :   |b πιν. ;   |c 24 εκ.  
490 1 |a (Επιστημονικές εκδόσεις)  
500 |a Περιέχει περιλήψεις στη γαλλική γλώσσα.  
504 |a Βιβλιογραφία: σ. 330-331. Ευρετήριο.  
650 0 |a Employment. 
650 0 |a Labor. 
650 0 |a Labor market. 
700 1 |a Πετράκη, Γεωργία,  |e edtf 
830 0 |a Επιστημονικές εκδόσεις (Πεδίο (Εταιρεία)) 
852 |a INST  |b LESVOS  |c EUDOXUS  |e 20230511  |h 331 ΚΡΙ  |p 005100064654  |q 005100064654  |t EDX  |y 0 
920 |a Εύδοξος  |b Επιστροφή   |y Λέσβος-ΤΚ  |z 2023-05 
970 |a Καμάτσου  |b Δέσποινα  |z 11-05-23